Statistics for Queens and Such

Click here to take the quiz!

General Stats

  • This quiz has been taken 24,853 times
    (16,426 since last reset)
  • The average score is 14 of 20

Answer Stats

Clue Queen % Correct
Boss of the hiveQueen Bee
96%
Tudor queen who defeated
the Spanish Armada
Queen Elizabeth
91%
"Bloody" queen of EnglandQueen Mary
90%
Australian stateQueensland
90%
British national anthemGod Save the Queen
87%
Person who makes
a big deal of everything
Drama Queen
86%
19th century British queenQueen Victoria
86%
ABBA songDancing Queen
81%
Man who dresses like a womanDrag Queen
80%
Wonderland queen who says
"off with their heads!"
Queen of Hearts
78%
Rapper and actressQueen Latifah
75%
Pageant winnerBeauty Queen
72%
Ice cream chainDairy Queen
69%
Aretha Franklin's nicknameQueen of Soul
66%
Proper British way of speaking, also
called received pronunciation
Queen's English
66%
Nickname of the aboveVirgin Queen
64%
"Bullitt" actor, called the "King of Cool"Steve McQueen
52%
Lace-like plantQueen Anne's Lace
35%
Biblical queen of EthiopiaQueen of Sheba
34%
Term for the wife of a king who
doesn't rule in her own right
Queen Consort
31%

Score Distribution

Percentile by Number Answered

Percent of People with Each Score

Your Score History

You have not taken this quiz since the last reset